000 00416nam a22001697a 4500
003 UA-OsUOA
001 3423
007 ta
008 20050721b un ||||| |||| 00| 0 ukr d
100 _aДемський
700 _aМ.
942 _cBK
040 _aUA-OsUOA
_cUA-OsUOA
_dUA-OsUOA
245 _aУкраїнські фраземи й особливості їх творення.
955 _a2
650 7 _2UDC
999 _c289585
_d289585